The walnut tree
Αποθηκεύτηκε σε:
| Κύριος συγγραφέας: | |
|---|---|
| Μορφή: | Βιβλίο |
| Γλώσσα: | Undetermined |
| Έκδοση: |
Rigina
Coteau Books
2000
|
| Θέματα: | |
| Ετικέτες: |
Προσθήκη ετικέτας
Δεν υπάρχουν, Καταχωρήστε ετικέτα πρώτοι!
|
| Thư viện lưu trữ: | Trung tâm Học liệu Trường Đại học Cần Thơ |
|---|
| LEADER | 00399nam a2200157Ia 4500 | ||
|---|---|---|---|
| 001 | CTU_56135 | ||
| 008 | 210402s9999 xx 000 0 und d | ||
| 082 | |a 813.54 | ||
| 082 | |b B658 | ||
| 100 | |a Martha Blum | ||
| 245 | 4 | |a The walnut tree | |
| 260 | |a Rigina | ||
| 260 | |b Coteau Books | ||
| 260 | |c 2000 | ||
| 650 | |a Literature - Canadian | ||
| 980 | |a Trung tâm Học liệu Trường Đại học Cần Thơ | ||